| 000 | 01516cam a2200337 a 4500 | ||
|---|---|---|---|
| 090 | _c10422 | ||
| 001 | 14860558 | ||
| 005 | 20080131072613.0 | ||
| 008 | 070522s2007 ne a b 001 0 eng | ||
| 010 | _a2007021459 | ||
| 020 | _a9781558607590 (alk. paper) | ||
| 020 | _a1558607595 (alk. paper) | ||
| 035 | _a(OCoLC)ocn136781819 | ||
| 035 |
_a(OCoLC)136781819 _z(OCoLC)149084971 |
||
| 040 |
_aDLC _cDLC _dBAKER _dBTCTA _dC#P _dYDXCP _dDLC |
||
| 050 | 0 | 0 |
_aQ342 _b.E34 2007 |
| 082 | 0 | 0 |
_a006.3 _222 _bEBE |
| 100 | 1 | _aEberhart, Russell C. | |
| 245 | 1 | 0 |
_aComputational Intelligence : _bConcepts to Implementations / _cRussell C. Eberhart, Yuhui Shi. |
| 260 |
_aAmsterdam ; _aBoston : _bElsevier/Morgan Kaufmann Publishers, _cc2007. |
||
| 300 |
_axx, 467 p. : _bill. ; _c25 cm. |
||
| 504 | _aIncludes bibliographical references (p. 439-453) and index. | ||
| 650 | 0 | _aComputational intelligence. | |
| 650 | 0 | _aNeural networks (Neurobiology) | |
| 700 | 1 | _aShi, Yuhui. | |
| 856 | 4 | 1 |
_3Table of contents only _uhttp://www.loc.gov/catdir/toc/ecip0718/2007021459.html |
| 856 | 4 | 2 |
_3Publisher description _uhttp://www.loc.gov/catdir/enhancements/fy0808/2007021459-d.html |
| 942 |
_2ddc _cBB |
||
| 999 |
_c10422 _d10422 |
||